000 00697nam a2200241Ia 4500
003 OSt
005 20220918222508.0
006 a|||||r|||| 00| 0
007 ta
008 220917b |||||||| |||| 00| 0 eng d
024 _a217,123
037 _cTextual
040 _aARTS
_cARTS
_beng
041 _2eng
_aeng
082 _aVv49G, P1
100 _aLudden David Ed.
_914248
245 0 _aReading subaltern studies
_b critical history, contested meaning, and the globalisation of South Asia
260 _aDelhi
_bPermanent black
_c2001
300 _aix, 442p
_ccm.
650 _aHISTORY
942 _hVv49G, P1
_cTEXL
_2CC
999 _c275740
_d275740